000 00661nam a2200193Ia 4500
008 151121s9999||||xx |||||||||||||| ||und||
082 _a813/रांगणे
082 _bHNW-48907
100 _aरांगणेकर कुमुदिनी
245 _aएकलीच दिपकळी
260 _b"मधुर पब्लिकेशन, पुणे"
260 _c--
300 _a234
600 _aरांगणेकर कुमुदिनी
630 _aएकलीच दिपकळी
700 _aरांगणेकर कुमुदिनी
730 _aएकलीच दिपकळी
942 _cBOOK
999 _c1234256
_d1234253